Name All Pokemon #001 to #493 - Statistics

General Stats
  • This quiz has been taken 785 times
  • The average score is 365 of 493
Answer Stats
No. Pokémon % Correct
#001 Bulbasaur
97%
#006 Charizard
97%
#007 Squirtle
97%
#004 Charmander
96%
#003 Venusaur
96%
#009 Blastoise
95%
#005 Charmeleon
95%
#025 Pikachu
95%
#002 Ivysaur
94%
#008 Wartortle
93%
#074 Geodude
92%
#151 Mew
92%
#026 Raichu
92%
#012 Butterfree
91%
#010 Caterpie
91%
#150 Mewtwo
91%
#018 Pidgeot
91%
#017 Pidgeotto
91%
#016 Pidgey
91%
#013 Weedle
91%
#015 Beedrill
90%
#076 Golem
90%
#075 Graveler
90%
#129 Magikarp
90%
#011 Metapod
90%
#144 Articuno
89%
#133 Eevee
89%
#023 Ekans
89%
#130 Gyarados
89%
#014 Kakuna
89%
#146 Moltres
89%
#095 Onix
89%
#019 Rattata
89%
#145 Zapdos
89%
#149 Dragonite
88%
#147 Dratini
88%
#136 Flareon
88%
#135 Jolteon
88%
#068 Machamp
88%
#143 Snorlax
88%
#134 Vaporeon
88%
#148 Dragonair
87%
#042 Golbat
87%
#067 Machoke
87%
#066 Machop
87%
#020 Raticate
87%
#021 Spearow
87%
#041 Zubat
87%
#063 Abra
86%
#024 Arbok
86%
#022 Fearow
86%
#092 Gastly
86%
#094 Gengar
86%
#106 Hitmonlee
86%
#039 Jigglypuff
86%
#065 Alakazam
85%
#152 Chikorita
85%
#036 Clefable
85%
#035 Clefairy
85%
#155 Cyndaquil
85%
#125 Electabuzz
85%
#093 Haunter
85%
#107 Hitmonchan
85%
#250 Ho-Oh
85%
#064 Kadabra
85%
#126 Magmar
85%
#081 Magnemite
85%
#172 Pichu
85%
#077 Ponyta
85%
#078 Rapidash
85%
#208 Steelix
85%
#158 Totodile
85%
#059 Arcanine
84%
#113 Chansey
84%
#244 Entei
84%
#160 Feraligatr
84%
#058 Growlithe
84%
#124 Jynx
84%
#141 Kabutops
84%
#249 Lugia
84%
#082 Magneton
84%
#154 Meganium
84%
#034 Nidoking
84%
#031 Nidoqueen
84%
#029 | #032 Nidoran
84%
#030 Nidorina
84%
#384 Rayquaza
84%
#245 Suicune
84%
#157 Typhlosion
84%
#197 Umbreon
84%
#257 Blaziken
83%
#239 Elekid
83%
#140 Kabuto
83%
#258 Mudkip
83%
#033 Nidorino
83%
#043 Oddish
83%
#138 Omanyte
83%
#139 Omastar
83%
#156 Quilava
83%
#243 Raikou
83%
#112 Rhydon
83%
#121 Starmie
83%
#255 Torchic
83%
#252 Treecko
83%
#100 Voltorb
83%
#040 Wigglytuff
83%
#142 Aerodactyl
82%
#153 Bayleef
82%
#251 Celebi
82%
#390 Chimchar
82%
#169 Crobat
82%
#050 Diglett
82%
#051 Dugtrio
82%
#101 Electrode
82%
#196 Espeon
82%
#044 Gloom
82%
#392 Infernape
82%
#109 Koffing
82%
#470 Leafeon
82%
#240 Magby
82%
#052 Meowth
82%
#122 Mr. Mime
82%
#393 Piplup
82%
#111 Rhyhorn
82%
#123 Scyther
82%
#120 Staryu
82%
#110 Weezing
82%
#493 Arceus
81%
#069 Bellsprout
81%
#256 Combusken
81%
#159 Croconaw
81%
#087 Dewgong
81%
#118 Goldeen
81%
#383 Groudon
81%
#382 Kyogre
81%
#137 Porygon
81%
#027 Sandshrew
81%
#254 Sceptile
81%
#117 Seadra
81%
#086 Seel
81%
#260 Swampert
81%
#128 Tauros
81%
#389 Torterra
81%
#387 Turtwig
81%
#173 Cleffa
80%
#395 Empoleon
80%
#088 Grimer
80%
#253 Grovyle
80%
#237 Hitmontop
80%
#116 Horsea
80%
#131 Lapras
80%
#053 Persian
80%
#061 Poliwhirl
80%
#062 Poliwrath
80%
#028 Sandslash
80%
#119 Seaking
80%
#073 Tentacruel
80%
#175 Togepi
80%
#071 Victreebel
80%
#045 Vileplume
80%
#242 Blissey
79%
#483 Dialga
79%
#132 Ditto
79%
#487 Giratina
79%
#471 Glaceon
79%
#385 Jirachi
79%
#467 Magmortar
79%
#391 Monferno
79%
#089 Muk
79%
#038 Ninetales
79%
#484 Palkia
79%
#060 Poliwag
79%
#398 Staraptor
79%
#397 Staravia
79%
#396 Starly
79%
#072 Tentacool
79%
#048 Venonat
79%
#037 Vulpix
79%
#070 Weepinbell
79%
#388 Grotle
78%
#246 Larvitar
78%
#259 Marshtomp
78%
#446 Munchlax
78%
#394 Prinplup
78%
#054 Psyduck
78%
#378 Regice
78%
#377 Regirock
78%
#379 Registeel
78%
#114 Tangela
78%
#176 Togetic
78%
#049 Venomoth
78%
#482 Azelf
77%
#268 Cascoon
77%
#386 Deoxys
77%
#466 Electivire
77%
#445 Garchomp
77%
#055 Golduck
77%
#485 Heatran
77%
#230 Kingdra
77%
#462 Magnezone
77%
#376 Metagross
77%
#127 Pinsir
77%
#247 Pupitar
77%
#212 Scizor
77%
#248 Tyranitar
77%
#480 Uxie
77%
#371 Bagon
76%
#491 Darkrai
76%
#269 Dustox
76%
#282 Gardevoir
76%
#380 Latias
76%
#381 Latios
76%
#448 Lucario
76%
#056 Mankey
76%
#481 Mesprit
76%
#280 Ralts
76%
#486 Regigigas
76%
#407 Roserade
76%
#373 Salamence
76%
#266 Silcoon
76%
#080 Slowbro
76%
#079 Slowpoke
76%
#236 Tyrogue
76%
#201 Unown
76%
#265 Wurmple
76%
#374 Beldum
75%
#085 Dodrio
75%
#084 Doduo
75%
#096 Drowzee
75%
#162 Furret
75%
#444 Gabite
75%
#443 Gible
75%
#163 Hoothoot
75%
#097 Hypno
75%
#115 Kangaskhan
75%
#099 Kingler
75%
#281 Kirlia
75%
#098 Krabby
75%
#108 Lickitung
75%
#375 Metang
75%
#241 Miltank
75%
#164 Noctowl
75%
#046 Paras
75%
#047 Parasect
75%
#186 Politoed
75%
#233 Porygon2
75%
#447 Riolu
75%
#372 Shelgon
75%
#238 Smoochum
75%
#468 Togekiss
75%
#263 Zigzagoon
75%
#181 Ampharos
74%
#267 Beautifly
74%
#400 Bibarel
74%
#399 Bidoof
74%
#406 Budew
74%
#488 Cresselia
74%
#083 Farfetch’d
74%
#478 Froslass
74%
#362 Glalie
74%
#229 Houndoom
74%
#228 Houndour
74%
#174 Igglybuff
74%
#405 Luxray
74%
#179 Mareep
74%
#350 Milotic
74%
#200 Misdreavus
74%
#057 Primeape
74%
#464 Rhyperior
74%
#315 Roselia
74%
#161 Sentret
74%
#492 Shaymin
74%
#403 Shinx
74%
#199 Slowking
74%
#182 Bellossom
73%
#349 Feebas
73%
#264 Linoone
73%
#404 Luxio
73%
#261 Poochyena
73%
#218 Slugma
73%
#215 Sneasel
73%
#361 Snorunt
73%
#167 Spinarak
73%
#168 Ariados
72%
#323 Camerupt
72%
#104 Cubone
72%
#214 Heracross
72%
#490 Manaphy
72%
#105 Marowak
72%
#439 Mime Jr.
72%
#489 Phione
72%
#474 Porygon-Z
72%
#409 Rampardos
72%
#090 Shellder
72%
#465 Tangrowth
72%
#091 Cloyster
71%
#408 Cranidos
71%
#355 Duskull
71%
#180 Flaaffy
71%
#330 Flygon
71%
#183 Marill
71%
#262 Mightyena
71%
#322 Numel
71%
#185 Sudowoodo
71%
#277 Swellow
71%
#320 Wailmer
71%
#321 Wailord
71%
#461 Weavile
71%
#184 Azumarill
70%
#411 Bastiodon
70%
#103 Exeggutor
70%
#440 Happiny
70%
#271 Lombre
70%
#270 Lotad
70%
#272 Ludicolo
70%
#429 Mismagius
70%
#276 Taillow
70%
#328 Trapinch
70%
#278 Wingull
70%
#356 Dusclops
69%
#477 Dusknoir
69%
#102 Exeggcute
69%
#296 Makuhita
69%
#310 Manectric
69%
#198 Murkrow
69%
#299 Nosepass
69%
#279 Pelipper
69%
#311 Plusle
69%
#410 Shieldon
69%
#227 Skarmory
69%
#289 Slaking
69%
#220 Swinub
69%
#329 Vibrava
69%
#288 Vigoroth
69%
#298 Azurill
68%
#438 Bonsly
68%
#415 Combee
68%
#309 Electrike
68%
#475 Gallade
68%
#297 Hariyama
68%
#166 Ledian
68%
#165 Ledyba
68%
#337 Lunatone
68%
#219 Magcargo
68%
#308 Medicham
68%
#307 Meditite
68%
#312 Minun
68%
#274 Nuzleaf
68%
#221 Piloswine
68%
#273 Seedot
68%
#275 Shiftry
68%
#287 Slakoth
68%
#363 Spheal
68%
#365 Walrein
68%
#460 Abomasnow
67%
#306 Aggron
67%
#304 Aron
67%
#418 Buizel
67%
#419 Floatzel
67%
#473 Mamoswine
67%
#226 Mantine
67%
#369 Relicanth
67%
#364 Sealeo
67%
#336 Seviper
67%
#338 Solrock
67%
#324 Torkoal
67%
#416 Vespiquen
67%
#202 Wobbuffet
67%
#348 Armaldo
66%
#346 Cradily
66%
#463 Lickilicky
66%
#345 Lileep
66%
#479 Rotom
66%
#442 Spiritomb
66%
#357 Tropius
66%
#293 Whismur
66%
#335 Zangoose
66%
#347 Anorith
65%
#354 Banette
65%
#358 Chimecho
65%
#295 Exploud
65%
#431 Glameow
65%
#368 Gorebyss
65%
#430 Honchkrow
65%
#402 Kricketune
65%
#305 Lairon
65%
#294 Loudred
65%
#458 Mantyke
65%
#290 Nincada
65%
#291 Ninjask
65%
#432 Purugly
65%
#223 Remoraid
65%
#302 Sableye
65%
#319 Sharpedo
65%
#459 Snover
65%
#334 Altaria
64%
#412 Burmy
64%
#366 Clamperl
64%
#453 Croagunk
64%
#232 Donphan
64%
#472 Gliscor
64%
#367 Huntail
64%
#401 Kricketot
64%
#231 Phanpy
64%
#476 Probopass
64%
#195 Quagsire
64%
#454 Toxicroak
64%
#351 Castform
63%
#170 Chinchou
63%
#426 Drifblim
63%
#425 Drifloon
63%
#207 Gligar
63%
#187 Hoppip
63%
#352 Kecleon
63%
#171 Lanturn
63%
#224 Octillery
63%
#292 Shedinja
63%
#327 Spinda
63%
#194 Wooper
63%
#413 Wormadam
63%
#360 Wynaut
63%
#190 Aipom
62%
#343 Baltoy
62%
#436 Bronzor
62%
#318 Carvanha
62%
#433 Chingling
62%
#344 Claydol
62%
#206 Dunsparce
62%
#205 Forretress
62%
#353 Shuppet
62%
#435 Skuntank
62%
#434 Stunky
62%
#333 Swablu
62%
#193 Yanma
62%
#286 Breloom
61%
#437 Bronzong
61%
#331 Cacnea
61%
#332 Cacturne
61%
#423 Gastrodon
61%
#203 Girafarig
61%
#189 Jumpluff
61%
#177 Natu
61%
#204 Pineco
61%
#422 Shellos
61%
#300 Skitty
61%
#216 Teddiursa
61%
#178 Xatu
61%
#359 Absol
60%
#301 Delcatty
60%
#285 Shroomish
60%
#188 Skiploom
60%
#217 Ursaring
60%
#469 Yanmega
60%
#441 Chatot
59%
#450 Hippowdon
59%
#314 Illumise
59%
#414 Mothim
59%
#417 Pachirisu
59%
#235 Smeargle
59%
#192 Sunflora
59%
#313 Volbeat
59%
#424 Ambipom
58%
#339 Barboach
58%
#428 Lopunny
58%
#303 Mawile
58%
#325 Spoink
58%
#234 Stantler
58%
#421 Cherrim
57%
#341 Corphish
57%
#456 Finneon
57%
#449 Hippopotas
57%
#457 Lumineon
57%
#451 Skorupi
57%
#191 Sunkern
57%
#283 Surskit
57%
#340 Whiscash
57%
#427 Buneary
56%
#455 Carnivine
56%
#420 Cherubi
56%
#222 Corsola
56%
#342 Crawdaunt
56%
#452 Drapion
56%
#210 Granbull
56%
#326 Grumpig
56%
#284 Masquerain
56%
#213 Shuckle
56%
#225 Delibird
55%
#211 Qwilfish
55%
#209 Snubbull
55%
#316 Gulpin
54%
#370 Luvdisc
54%
#317 Swalot
54%
No matching quizzes found
Score Distribution
Percent of People with Each Score
Percentile by Number Answered
Your Score History
You have not taken this quiz